000 00318nam a2200133Ia 4500
005 20260326100036.0
008 260326s9999||||xx |||||||||||||| ||und||
100 _aKrauel, Jacobo
245 0 _aElementos Urbanos 1 /
_cJacobo Krauel
260 _bLinks
300 _a179 p.
650 _aDISEÑO INDUSTRIAL
942 _cBK
999 _c6804
_d6804